MDQL
is popping MORE tags! Check the
thread
!
Quizzes
Events
Quiz Creation
Community
Videos
Private Events
Remove Ads
Sign In
Join for FREE
Feedback
Dark Mode
Quiz Categories
Sports
Geography
Music
Movies
Television
Just For Fun
Miscellaneous
History
Literature
Language
Science
Gaming
Entertainment
Religion
Holiday
For Kids
Quiz Lab
Recent
Popular Today
Quiz Kudos Today
Editor Picks
Curator Picks
Quizzes by...
Day
Popularity
Type
Ratings
Length
Year
Community
Subscriptions
Recent Discussions
Orange Saloon
Badges
Playlists
Quests
Create
Leaderboards
Showdown
Live 5
Trivia Bingo
Activity
Puzzle Library
Sporcle Events
Private Events
Virtual Trivia
Globe League
Become a Host
Pub Owners
SporcleCon
Opinionation
Our Games
Videos
Blog
Mobile Apps
Partnerships
Remove Ads and Go Orange
Feedback
Sports
Athletes
MLB
NBA
NHL
NFL
Soccer
Sports Teams
WWE
NCAA
Football
Premier League
Basketball
Baseball
Hockey
Golf
Tennis
Cricket
Rugby
Auto Racing
Olympics
World Cup
Sports
Athletes
MLB
NBA
NHL
NFL
Soccer
Sports Teams
WWE
NCAA
Football
Premier League
Basketball
Baseball
Hockey
Golf
Tennis
Cricket
Rugby
Auto Racing
Olympics
World Cup
Random Quiz
Search Sporcle
×
Quiz Lab
Quiz Lab
Sports
2012
Type in answers that appear in a list
Type in answers that appear in a list
Classic
Best Score? Go Orange.
New 2012 College Football Coaches Stats
Can you name the Schools With New Coaches in 2012?
By
CFBHallofFame
4m
28 Questions
67 Plays
67 Plays
67 Plays
Comments
Comments
Give Quiz Kudos
Give Quiz Kudos
-
- Ratings
hide this ad
Random Order
Randomize order of answers
Randomize order of answers
Replay
Link that replays current quiz
Next Quiz
Link to next quiz in quiz playlist
You Got
0%
They Got
Avg Score
48%
Avg Friend Score
Upgrade to see
Score Distribution
Jump to the score distribution portion of the page
Score
0/28
Timer
04:00
0
Plays Today
Coach
School
% Correct
Urban Meyer
Ohio State
89.6%
Bill O'Brien
Penn State
80.6%
Charlie Weis
Kansas
79.1%
Rich Rodriguez
Arizona
74.6%
John L. Smith
Arkansas
74.6%
Jim Mora Jr.
UCLA
73.1%
Kevin Sumlin
Texas A&M
71.6%
Mike Leach
Washington State
70.1%
Hugh Freeze
Mississippi
59.7%
Larry Fedora
North Carolina
56.7%
Todd Graham
Arizona State
53.7%
Gus Malzahn
Arkansas State
50.7%
Paul Chryst
Pittsburgh
47.8%
Norm Chow
Hawaii
43.3%
Coach
School
% Correct
Kyle Flood
Rutgers
43.3%
Tony Levine
Houston
41.8%
Tim Beckman
Illinois
40.3%
Terry Bowden
Akron
38.8%
Bob Davie
New Mexico
38.8%
Jim McElwain
Colorado State
38.8%
Matt Campbell
Toledo
38.8%
Ellis Johnson
Southern Mississippi
34.3%
Justin Fuente
Memphis
32.8%
Carl Pelini
Florida Atlantic
22.4%
Curtis Johnson
Tulane
22.4%
Garrick McGee
UAB
22.4%
Tim DeRuyter
Fresno State
20.3%
Charlie Molnar
Massachusetts
7.5%
Quiz Playlist
Details
Report
Send in Message
Add To Playlist
Classic:
Type in answers that appear in a list
Random Order:
Randomize order of answers
Last Updated: Feb 16, 2017
Quiz Scoreboard
CHALLENGE
Sign Up to Join the Scoreboard
Show All
Scores
Hide
Comments
May contain spoilers
Recently Published
Holiday 10x10 Sorting Gallery
by lukepisani3
Holiday
15m
Two Season TV Shows II
by 123Four
Television
10m
Image Sorting: Flags VI
by Barbecue
Geography
2m
More to Explore
Quiz From the Vault
Featured Blog Post
14 Easter Pick-up Lines to Find Eggs With
hide this ad
You Might Also Like...
Tags
2012
Football Coaches
Hall of Fame
NCAA Football
Today's Top Quizzes in Sports
Browse Sports
hide this ad
Today's Top Quizzes in 2012
Browse 2012
Top Contributed Quizzes in Sports
1
Les meilleurs buteurs des matchs entre le PSG et l’OM
2
Les entraîneurs de l'OM et du PSG au 21e siècle
3
2022 World Cup Stars
4
Les joueurs passés par le PSG et l'OM
5
Players with Multiple 50 Home Run Seasons
6
FIFA Club World Cup Champions
7
Criteria MLB: Left Handed Sluggers
8
Les joueurs passés par le LOSC et le RC Lens
9
Top 10 NHL Goal Scorers of All Time
10
NBA Logic Puzzle 2.0
Explore More
Trending Topics
Marvel
Crossword
Disney
Kpop
NBA
Harry Potter
Anime
Country
WWE
Puzzle
Song
NFL
The Office
Pokémon
Soccer
hide this ad
More By:
CFBHallofFame
Quiz
Plays
Rating
Category
Featured
Created
College Football Stadium Nicknames
418
2.00
Sports
Aug 9, 2012
Heisman Winner or Non-Winner?
157
4.40
Sports
Jun 17, 2012
Nebraska College Football Hall of Famers
113
Sports
Jun 18, 2012
Heisman Memorial Trophy Winners
107
3.00
Sports
Jun 5, 2012
USC College Football Hall of Famers
101
Sports
Jun 7, 2012
Go to Creator's Profile
Score Distribution
Quiz Creator Spotlight
CFBHallofFame
Follow
Send a Message
Quizzes Created
-
Created Quiz Play Count
-
More By This Creator
Popular Quizzes Today
1
Find the US States - No Outlines Minefield
2
Colored Red Africa Blitz
3
Find the 'City' Movie
4
The Countries of the World
5
5x2 Blitz: Bands
6
Find the Countries of Europe - No Outlines Minefield
7
Find the US States
8
US States
More Sports Quizzes
🏆 Big Four MVPs of the '50s❤️
Quiz Lab
Trending Quizzes
Colored Red Europe Blitz I
Colored Red Africa Blitz II
Colored Red Europe Blitz II
Even More Two Season TV Shows
Colored Red Africa Blitz III
Recently Updated
Odd Team Out - Big 4 Players
pecheneg
Quick Pick: 20 Twenties
pecheneg
March Madness Men's Triple Doubles
pecheneg
How Do You Spell That?
pecheneg
Godzilla Movies
pecheneg
Grab Bag: 4-10 Letters
pecheneg
2024 March Madness Bracket
pecheneg
Famous TV Couples
Peacemaker
Champions League XIs: Real Madrid
pecheneg
Largest US Cities 1790-2010
pecheneg
Trending Topics
Marvel
Crossword
Harry Potter
Kpop
NBA
Disney
Anime
The Office
Song
Puzzle
NFL
Country
WWE
Pokémon
Soccer
Your Account Isn't Verified!
In order to create a playlist on Sporcle, you need to verify the email address you used during registration. Go to your
Sporcle Settings
to finish the process.
Report this User
Report this user for behavior that violates our
Community Guidelines
.
Details:
Send Report
Go to the Sporcle.com Mobile Site →
Comments